| 000 | 00645nam a22001337a 4500 | ||
|---|---|---|---|
| 008 | 230419b |||||||| |||| 00| 0 eng d | ||
| 110 | _aMUDIS Research International Ltd. | ||
| 245 | _aEnvironmental impact assessment study report for the proposed Kabarak University Teaching, Research and Referral Mission Hospital (KUTRMH) on title deed LR. No. Kampi Ya Moto/Kampi Ya Moto block 10/1920, Nakuru County, Kenya | ||
| 260 |
_aNakuru, Kenya _bMUDIS Research International Ltd. _c2021 |
||
| 300 | _a127p. | ||
| 610 | _aKabarak University Teaching, Research and Referral Mission Hospital (KUTRMH) | ||
| 700 | _aKitetu, Jackson J. | ||
| 942 |
_2lcc _cRES |
||
| 999 |
_c20112 _d20111 |
||